| 000 | 00627nam a22001811a 4500 | ||
|---|---|---|---|
| 001 | 11659 | ||
| 003 | OSt | ||
| 005 | 20260204212251.0 | ||
| 008 | 130502s2011||||dr ||||||b||||||||||spa|| | ||
| 050 | _aRD 340.93 C674e | ||
| 100 | _aMedos Veloz, Ana Mercedes | ||
| 245 | _aEl defensor del pueblo en la Republica Dominicana: necesidad e importancia (ahora con rango constitucional) / Ana Mercedes Medos Veloz | ||
| 264 | _aRepública Dominicana: Colegio de Abogado de la Republica Dominicana | ||
| 300 | _a143 P | ||
| 500 | _aIncluye bibliografia | ||
| 650 | _aDerecho Publico - Defensor del Pueblo I- tilÌ | ||
| 942 |
_2ddc _cBK |
||
| 999 |
_c11659 _d11659 |
||